Normal view
MARC view
- COLLEGE TEACHING UNITED STATES
Entry Topical Term
001 - CONTROL NUMBER
- control field: 67528
003 - CONTROL NUMBER IDENTIFIER
- control field: NUST
005 - DATE AND TIME OF LATEST TRANSACTION
- control field: 20210628203836.0
008 - FIXED-LENGTH DATA ELEMENTS
- fixed length control field: 210628|| aca||aabn | a|a d
040 ## - CATALOGING SOURCE
- Original cataloging agency: NUST
- Transcribing agency: NUST
150 ## - HEADING--TOPICAL TERM
- Topical term or geographic name entry element: COLLEGE TEACHING UNITED STATES
670 ## - SOURCE DATA FOUND
- Source citation: Work cat.: (NUST): Magnan, Bob 67527, 147 practical tips for teaching professors, 1990
